00325nam a2200121Ia 4500008004100000041000800041082001700049100001900066245004500085260003200130300003200162365000900194240624s9999 xx 000 0 und d aeng a658.4092 FIS aFISHER KIMBALL aLEADING SELF DIRECTED WORK TEAMS A GUIDE c2000aNew YorkbMcGraw-Hill axxii, , 339 , 25 : p. : cm. cb30